| 000 | 00643cab a2200241 4500 | ||
|---|---|---|---|
| 001 | ABS45482 | ||
| 008 | 090401t1991 xxu||||| |||| 00| 0 eng d | ||
| 035 | _a(Sirsi) u53291 | ||
| 041 | _aeng | ||
| 100 | _aThomson, A.L.B. | ||
| 245 | 4 | _aThe construction industry in West Germany | |
| 260 | _c1991 | ||
| 350 | _a0 | ||
| 490 |
_aBuilding Research and Information _v19(4) 1991, 230-232(2) |
||
| 520 | _aOutlines tendering procedures in West Germany. | ||
| 650 | _aDIN STANDARDS | ||
| 650 | _aGERMANY | ||
| 650 | _aLABOUR COSTS | ||
| 650 | _aTENDERING PROCEDURES | ||
| 690 | _aOVERSEAS-EUROPE | ||
| 942 | _n0 | ||
| 948 | _c04/03/1997 | ||
| 999 |
_c32866 _d32866 |
||